A textbook of tourism / (Record no. 67292)

MARC details
000 -LEADER
fixed length control field 00591nam a22001697a 4500
005 - DATE AND TIME OF LATEST TRANSACTION
control field 20120529114645.0
020 ## - INTERNATIONAL STANDARD BOOK NUMBER
Terms of availability 00
035 ## - SYSTEM CONTROL NUMBER
System control number B-30933
037 ## - SOURCE OF ACQUISITION
Stock number DPL
Source of stock number/acquisition ENG
100 ## - MAIN ENTRY--PERSONAL NAME
Personal name Goswami, B.K.
245 ## - TITLE STATEMENT
Title A textbook of tourism /
Statement of responsibility, etc by B.K. Goswami and G. Ravindran
260 ## - PUBLICATION, DISTRIBUTION, ETC. (IMPRINT)
Place of publication, distribution, etc New Delhi
Name of publisher, distributor, etc Har-Anand Publications
Date of publication, distribution, etc 2001
300 ## - PHYSICAL DESCRIPTION
Extent 96p.
Dimensions 22 cms.
700 ## - ADDED ENTRY--PERSONAL NAME
Personal name Ravindran, G.
9 (RLIN) 48105
942 ## - ADDED ENTRY ELEMENTS (KOHA)
Source of classification or shelving scheme Dewey Decimal Classification
Item type English Books
Classification part 338.4791
Call number suffix GOS
Holdings
Withdrawn status Lost status Not for loan Collection code Home library Current library Date acquired Cost, normal purchase price Full call number Barcode Cost, replacement price Koha item type
      Non-fiction Sarojini Nagar Sarojini Nagar 29/05/2012 0.00 338.4791 GOS B-30933 0.00 English Books

© Delhi Public Library
Hit Counter
free hit counter